Loading...
| Fine Arts - Classical Music | 0 | 6 | 0 | 0 | 60 | 82 | 90.83 | 0 | 3 | 0.00 | 0.00 |
| Literature - World | 0 | 6 | 0 | 0 | 60 | 54 | 89.67 | 0 | 1 | 0.00 | 0.00 |
| Literature - European | 0 | 6 | 0 | 0 | 60 | 54 | 91.00 | 0 | 3 | 0.00 | 0.00 |
| Painting/Sculpture | 0 | 5 | 0 | 1 | 50 | 43 | 96.60 | 0 | 2 | 0.00 | 0.00 |
| Literature - American | 0 | 5 | 0 | 0 | 50 | 60 | 83.40 | 0 | 1 | 0.00 | 0.00 |
| Literature - British | 0 | 4 | 0 | 1 | 40 | 86 | 102.50 | 0 | 0 | 0.00 | 0.00 |
| History - World | 0 | 4 | 1 | 0 | 35 | 56 | 78.50 | 0 | 1 | 0.00 | 0.00 |
| Social Science | 0 | 3 | 0 | 3 | 30 | 101 | 102.00 | 0 | 1 | 0.00 | 0.00 |
| Fine Arts - Other | 0 | 3 | 0 | 0 | 30 | 107 | 111.00 | 0 | 0 | 0.00 | 0.00 |
| History - Other | 0 | 3 | 0 | 0 | 30 | 93 | 100.00 | 0 | 0 | 0.00 | 0.00 |
| Philosophy | 0 | 3 | 0 | 0 | 30 | 51 | 91.00 | 0 | 0 | 0.00 | 0.00 |
| Religion | 0 | 3 | 0 | 0 | 30 | 61 | 87.67 | 0 | 1 | 0.00 | 0.00 |
| Mythology | 0 | 2 | 0 | 0 | 20 | 88 | 93.00 | 0 | 0 | 0.00 | 0.00 |
| Science - Chemistry | 0 | 2 | 0 | 0 | 20 | 83 | 84.00 | 0 | 0 | 0.00 | 0.00 |
| History - European | 0 | 2 | 0 | 1 | 20 | 69 | 93.00 | 0 | 0 | 0.00 | 0.00 |
| Current Events | 0 | 2 | 0 | 1 | 20 | 45 | 75.50 | 0 | 0 | 0.00 | 0.00 |
| Science - Biology | 0 | 2 | 2 | 0 | 10 | 87 | 92.50 | 0 | 0 | 0.00 | 0.00 |
| Geography | 0 | 1 | 0 | 0 | 10 | 63 | 63.00 | 0 | 1 | 0.00 | 0.00 |
| Science - Physics | 0 | 1 | 1 | 1 | 5 | 100 | 100.00 | 0 | 0 | 0.00 | 0.00 |
| Science - Other | 0 | 0 | 1 | 0 | -5 | 0.00 | 0 | 0 | 0.00 | 0.00 | |
| Pop Culture | 0 | 0 | 1 | 0 | -5 | 0.00 | 0 | 0 | 0.00 | 0.00 |